000
00252nam a22000857a 4500
008
160719b xxu||||| |||| 00| 0 eng d
100
_9
3060
_a
Dixon, F.W
245
_a
The Hardy 60 Boys: Mystery of the Samurai Sword
260
_a
New York
_b
Wanderer Books
_c
1979
999
_c
2623
_d
2623